南京地铁线路图-Nanjing Metro Line Map - Statistics

General Stats
  • This quiz has been taken 112 times
  • The average score is 108 of 224
Answers on the Map
Answers color-coded by a green-red scale on the quiz's map according to % correct below.
 
Answer Stats
站名 % Correct
南京站
92%
新街口
92%
南京南站
92%
珠江路
85%
鸡鸣寺
85%
红山动物园
81%
玄武门
81%
鼓楼
81%
中华门
81%
中国药科大学
81%
草场门
81%
禄口机场
81%
安德门
77%
夫子庙
77%
高淳
77%
八卦洲大桥南
73%
油坊桥
73%
集庆门大街
73%
新模范马路
69%
鱼嘴
69%
大行宫
69%
林场
69%
云南路
69%
奥体中心
69%
句容
69%
溧水
69%
迈皋桥
65%
张府园
65%
三山街
65%
软件大道
65%
元通
65%
西安门
65%
明故宫
65%
苜蓿园
65%
孝陵卫
65%
经天路
65%
南京林业大学·新庄
65%
龙江
65%
仙林湖
65%
空港新城江宁
65%
马群
62%
卡子门
62%
江心洲
62%
翔宇路南
62%
金牛湖
62%
燕子矶
58%
吉祥庵
58%
晓庄
58%
莫愁湖
58%
上海路
58%
下马坊
58%
钟灵街
58%
九龙湖
58%
秣周东路
58%
南京西站
58%
翔宇路北
58%
景明佳园
58%
无想山
58%
笆斗山
54%
天隆寺
54%
花神庙
54%
雨润大街
54%
仙鹤门
54%
仙林中心
54%
泰冯路
54%
浮桥
54%
武定门
54%
雨花门
54%
五台山
54%
南京工业大学
54%
雨山路
54%
河定桥
50%
百家湖
50%
南医大·江苏经贸学院
50%
南京交院
50%
螺塘路
50%
奥体东
50%
兴隆大街
50%
云锦路
50%
金马路
50%
学则路
50%
九华山
50%
西岗桦墅
50%
福建路
50%
大校场
50%
东山香樟园
50%
中胜
50%
大士茶亭
50%
清凉山
50%
正方中路
50%
南京猿人洞
50%
空港新城溧水
50%
长江大桥北
50%
泰山新村
50%
胜太路
46%
小龙湾
46%
竹山路
46%
汉中门
46%
南大仙林校区
46%
星火路
46%
上元门
46%
五塘广场
46%
小市
46%
常府街
46%
大明路
46%
东大九龙湖校区
46%
岗子村
46%
徐庄
46%
东流
46%
孟北
46%
方家营
46%
下关
46%
虹桥
46%
青春广场
46%
朝天宫
46%
神机营
46%
幕府西路
46%
幕府山
46%
仙新路
46%
小行
46%
梦都大街
46%
绿博园
46%
临江·青奥体育公园
46%
马骡圩
46%
高家冲
46%
群力
46%
信息工程大学
46%
天印大道
42%
龙眠大道
42%
天保街
42%
东大成贤学院
42%
柳洲东路
42%
明发广场
42%
诚信大道
42%
蒋王庙
42%
王家湾
42%
聚宝山
42%
静海寺
42%
光华门
42%
东山
42%
九龙湖南
42%
吉印大道
42%
西善桥
42%
永初路
42%
南湖
42%
万寿
42%
河海大学·佛城西路
42%
铁心桥
42%
大厂
42%
葛塘
42%
六合开发区
42%
团结圩
42%
双龙大道
38%
青莲街
38%
天润城
38%
胜太西路
38%
汇通路
38%
灵山
38%
七桥瓮
38%
文靖路
38%
嘉陵江东街
38%
新城科技园
38%
梦都大街东
38%
古平岗
38%
钟阜路
38%
丁家庄
38%
丁家庄南
38%
尧化新村
38%
尧化门
38%
浦口万汇城
38%
翠屏山
38%
天保
38%
刘村
38%
汤山
38%
崇明
38%
柘塘
38%
幸庄
38%
化工园
38%
雄州
38%
方州广场
38%
石湫
38%
羊山公园
35%
天元西路
35%
通济门
35%
太清路
35%
吴侯街
35%
桥林新城
35%
麒麟门
35%
泉都大街
35%
童世界
35%
卧龙湖
35%
卸甲甸
35%
长芦
35%
龙池
35%
铜山
35%
明觉
35%
宏运大道
31%
新亭路
31%
科宁路
31%
前庄
31%
应天大街
31%
文德路
31%
中山湖
31%
毛纺厂路
31%
凤凰山公园
31%
沈桥
31%
八百桥
31%
盐仓桥
27%
石门坎
27%
贾西
27%
平良大街
27%
高庙路
27%
东郊小镇
27%
黄梅
27%
华阳
27%
龙华路
23%
春江路
23%
兰花塘
23%
百水桥
23%
高新开发区
23%
石碛河
19%
林山
19%
古泉
19%
双垅
12%
No matching quizzes found
Score Distribution
Percent of People with Each Score
Percentile by Number Answered
Your Score History
You have not taken this quiz